Which Island is Bigger? - Statistics

General Stats
  • This quiz has been taken 37 times
  • The average score is 11 of 16
Answer Stats
Question Answer % Correct
Borneo or Sumatra? Borneo
88%
Hainan or Hispaniola? Hispaniola
78%
Corsica or Sardinia? Sardinia
78%
Mallorca or Socotra? Mallorca
75%
Iceland or Ireland? Iceland
72%
Jamaica or Puerto Rico? Jamaica
72%
Banks Island or Newfoundland? Newfoundland
72%
North Island or South Island (two main islands of New Zealand) South Island
72%
Bahrain or Singapore? Bahrain
69%
Baffin Island or New Guinea? New Guinea
66%
Crete or Cyprus? Cyprus
63%
Cuba or Java? Java
63%
Sri Lanka or Tasmania? Sri Lanka
56%
Sicily or Taiwan? Taiwan
50%
Luzon or Sulawesi? Sulawesi
44%
Great Britain or Honshu? Honshu
34%
No matching quizzes found
Score Distribution
Percent of People with Each Score
Percentile by Number Answered
Your Score History
You have not taken this quiz